| 000 -LEADER |
| fixed length control field |
00554cim a22001457a 4500 |
| 040 ## - CATALOGING SOURCE |
| Transcribing agency |
DLC |
| 082 ## - DEWEY DECIMAL CLASSIFICATION NUMBER |
| Classification number |
334 FAO 2015 C146 Or. |
| 245 10 - TITLE STATEMENT |
| Title |
Designing nutrition-sensitive Agriculture Investment Conference |
| Remainder of title |
Checklist and guidance for programme formulation |
| 260 ## - PUBLICATION, DISTRIBUTION, ETC. (IMPRINT) |
| Place of publication |
Windhoek, Namibia : |
| Name of publisher |
Ministry of Agriculture, Water & Forestry, |
| Year of publication |
2010. |
| 300 ## - PHYSICAL DESCRIPTION |
| Number of Pages |
1 sound disc : |
| Other physical details |
digital ; |
| Dimensions |
4 3/4 in. |
| 500 ## - GENERAL NOTE |
| General note |
Production level cataloging. |
| 520 ## - SUMMARY, ETC. |
| Summary, etc |
Speeches given during the Agriculture Investment Conference. |
| 710 1# - ADDED ENTRY--CORPORATE NAME |
| Corporate name or jurisdiction name as entry element |
Namibia. |
| 942 ## - ADDED ENTRY ELEMENTS (KOHA) |
| Koha item type |
ADB |
| 952 ## - LOCATION AND ITEM INFORMATION (KOHA) |
| Withdrawn status [LOCAL, KOHA] |
0 |